000 00544nam a2200193Ia 4500
003 LDD
008 181029s9999 xx 000 0 und d
020 _a8189645509900
_c600.00
040 _cLDD
100 _aSarkar, Anchal
245 0 _aGender and development
_cAnchal Sarkar
260 _aNew Delhi
_bPragun Publications
_c2006
300 _av, 269p.
365 _b600.00
901 _a9420
_b17-11-2012
902 _a4574
_b23-11-2012
_cF
_dPUJA
_eEDS
903 _aDiscount-15
_bReqst by : B.K. Pattanaik
942 _2ddc
_cBK
999 _c104285
_d104285